Mythology : Greek or Roman Gods ? - Statistics

General Stats
  • This quiz has been taken 298 times
  • The average score is 13 of 15
Answer Stats
Hint Explanation Answer % Correct
Zeus Roman name: Jupiter Greek
92%
Athena Roman name: Minerva Greek
92%
Poseidon Roman name: Neptune Greek
92%
Hades Roman name: Pluto Greek
91%
Venus Greek name: Aphrodite Roman
91%
Mars Greek name: Ares Roman
91%
Mercury Greek name: Hermes Roman
89%
Juno Greek name: Hera Roman
88%
Demeter Roman name: Ceres Greek
85%
Heracles Roman name: Hercules Greek
83%
Vesta Greek name: Hestia Roman
83%
Diana Greek name: Artemis Roman
80%
Bacchus Greek name: Dionysus Roman
77%
Pan Roman name: Faunus Greek
76%
Apollo He has the same name in Roman and Greek. Both
62%
No matching quizzes found
Score Distribution
Percent of People with Each Score
Percentile by Number Answered
Your Score History
You have not taken this quiz